[Event "North Island Championship"]
[Site "Auckland Chess Centre"]
[Date "2012.07.11"]
[Round "2.13"]
[White "Eade, Don"]
[Black "Kolev, Stefan"]
[Result "1-0"]
[WhiteElo "1867"]
[BlackElo "1626"]
[PlyCount "77"]
[EventDate "2012.??.??"]

1. e4 d5 2. exd5 Qxd5 3. Nc3 Qd6 4. d4 Nf6 5. Bc4 c6 6. h3 Nbd7 7. Nf3 Nb6 8.
Bb3 Be6 9. O-O Bxb3 10. axb3 e6 11. Ne5 Nbd5 12. Re1 Be7 13. Bg5 Nxc3 14. bxc3
Nd5 15. Bd2 O-O 16. c4 Nf6 17. Bc3 a6 18. Re3 Nd7 19. Nf3 Rfd8 20. Qe2 Nf6 21.
Rd1 Qc7 22. Ne5 Bd6 23. d5 exd5 24. Ng4 Ne4 25. Bb2 f5 26. f3 Ng3 27. Qd3 fxg4
28. fxg4 Bc5 29. Bd4 Bxd4 30. Qxd4 dxc4 31. Qxc4+ Kh8 32. Rde1 Qb6 33. Kh2 Qc7
34. Rxg3 b5 35. Qc3 a5 36. Kh1 a4 37. bxa4 bxa4 38. Rge3 Qa5 39. Qxa5 1-0

[Event "North Island Championship"]
[Site "Auckland Chess Centre"]
[Date "2012.07.11"]
[Round "2.14"]
[White "Zhang, William Jeiwen"]
[Black "Kolev, Hristo"]
[Result "1-0"]
[WhiteElo "1864"]
[BlackElo "1733"]
[PlyCount "93"]
[EventDate "2012.??.??"]

1. d4 Nf6 2. c4 c5 3. d5 e6 4. Nc3 exd5 5. cxd5 d6 6. e4 g6 7. f4 Bg7 8. Bb5+
Nbd7 9. e5 dxe5 10. fxe5 Nh5 11. e6 Qh4+ 12. g3 Nxg3 13. hxg3 Qxh1 14. Be3 O-O
15. exd7 Bxd7 16. Bxd7 Rae8 17. Bxe8 Rxe8 18. Qe2 Bd4 19. Kd2 Rxe3 20. Qxe3
Bxe3+ 21. Kxe3 f5 22. Rd1 Qh6+ 23. Kd3 Qg7 24. Kc2 Qd7 25. d6 f4 26. gxf4 Qf5+
27. Kb3 Qe6+ 28. Kc2 Qf5+ {(=)} 29. Kb3 Qe6+ 30. Rd5 Qd7 31. Nf3 h5 32. Ne5 Qd8
33. Nxg6 h4 34. Ne7+ Kf7 35. Ne4 Qd7 36. Ng5+ Ke8 37. Kc4 Qa4+ 38. Kd3 Qd1+ 39.
Ke4 Qc2+ 40. Ke5 Qxb2+ 41. Ke6 Qe2+ 42. Re5 Qxa2+ 43. Nd5 Kf8 44. d7 Qa6+ 45.
Kf5 Qd3+ 46. Kf6 Qa6+ 47. Ne6+ 1-0

[Event "North Island Championship"]
[Site "Auckland Chess Centre"]
[Date "2012.07.11"]
[Round "2.15"]
[White "Roberts, Michael H"]
[Black "Mukkattu, Philip"]
[Result "1-0"]
[WhiteElo "1843"]
[BlackElo "1788"]
[PlyCount "43"]
[EventDate "2012.??.??"]

1. d4 Nf6 2. c4 d5 3. cxd5 Qxd5 4. Nc3 Qa5 5. Bd2 c6 6. e4 g6 7. Bc4 Bg7 8. e5
Nfd7 9. Qb3 e6 10. Ne4 Qc7 11. Nd6+ Ke7 12. Qf3 Rf8 13. Qh3 Bxe5 14. dxe5 Nxe5
15. Nxc8+ Qxc8 16. Be2 Nbd7 17. Nf3 h5 18. O-O Nxf3+ 19. Qxf3 Nb6 20. Bh6 Re8
21. Bg5+ Kf8 22. Qf6 1-0

[Event "North Island Championship"]
[Site "Auckland Chess Centre"]
[Date "2012.07.11"]
[Round "2.16"]
[White "Ang, Alphaeus Wei Ern"]
[Black "Dolejs, Dan"]
[Result "1/2-1/2"]
[WhiteElo "1814"]
[BlackElo "1822"]
[PlyCount "156"]
[EventDate "2012.??.??"]

1. d4 d5 2. Nc3 Nf6 3. Bf4 Bf5 4. e3 e6 5. a3 Bd6 6. Bxd6 Qxd6 7. Bd3 Bg6 8.
Nf3 c6 9. O-O Nbd7 10. Re1 Ng4 11. h3 Nh6 12. e4 dxe4 13. Bxe4 Nf5 14. Bxf5
Bxf5 15. d5 O-O-O 16. dxe6 Qxd1 17. Raxd1 Bxe6 18. Ng5 Nf8 19. Rxd8+ Kxd8 20.
f4 h6 21. Nf3 Ng6 22. Ne2 Bc4 23. f5 Ne7 24. Ne5 Bd5 25. Nf4 f6 26. Nxd5 fxe5
27. Nxe7 Kxe7 28. Rxe5+ Kf6 29. Ra5 a6 30. g4 Rd8 31. Rc5 Rd2 32. Rc3 Kg5 33.
Rb3 Kh4 34. Rxb7 Kxh3 35. Rxg7 Kg3 36. Kf1 Rxc2 37. Rg6 Rxb2 38. Rxh6 Rf2+ 39.
Ke1 Rf3 40. Rxc6 Kxg4 41. Rxa6 Kxf5 42. Kd2 Ke5 43. Kc2 Kd5 44. Kb2 Kc4 45. Rb6
Rf2+ 46. Kb1 Kc3 47. a4 Rf8 48. Rb5 Rf6 49. Ka2 Rf2+ 50. Ka3 Rf1 51. Rc5+ Kd4
52. Rc8 Ra1+ 53. Kb4 Rb1+ 54. Ka5 Ra1 55. Kb5 Rb1+ 56. Ka6 Kd5 57. a5 Re1 58.
Kb7 Kd6 59. Rc6+ Kd7 60. Rb6 Rc1 61. a6 Rc7+ 62. Kb8 Rc8+ 63. Ka7 Rc7+ 64. Rb7
Kc8 65. Kb6 Rc1 66. Rh7 Rb1+ 67. Ka7 Rb2 68. Rh8+ Kc7 69. Ka8 Rb6 70. a7 Rb1
71. Rb8 Rh1 72. Rb7+ Kc6 73. Rb2 Rh8+ 74. Rb8 Rh7 75. Rc8+ Kb6 76. Rb8+ Ka6 77.
Rg8 Rxa7+ 78. Kb8 Rb7+ {(=)} 1/2-1/2

[Event "North Island Championship"]
[Site "Auckland Chess Centre"]
[Date "2012.07.12"]
[Round "3.1"]
[White "Tsoi, Nicole"]
[Black "Li, Luke (Zuhao)"]
[Result "0-1"]
[WhiteElo "1934"]
[BlackElo "2333"]
[PlyCount "64"]
[EventDate "2012.??.??"]

1. d4 Nf6 2. Bf4 g6 3. e3 Bg7 4. Nf3 O-O 5. h3 d6 6. Be2 Nbd7 7. c4 Ne4 8. O-O
e5 9. Bh2 f5 10. Nbd2 Nxd2 11. Qxd2 e4 12. Ne1 Rf7 13. Nc2 Nf8 14. f3 exf3 15.
Bxf3 Ne6 16. Rae1 Qh4 17. b4 Ng5 18. Bd5 Be6 19. Bxb7 Rb8 20. Bd5 Bxd5 21. cxd5
Ne4 22. Qd3 g5 23. a3 h5 24. Rc1 Re8 25. Ne1 g4 26. Bf4 Bf6 27. a4 Bg5 28. Rc2
Bxf4 29. exf4 Ng3 30. Qb5 Rfe7 31. Nf3 gxf3 32. Rxf3 Re1+ 0-1

[Event "North Island Championship"]
[Site "Auckland Chess Centre"]
[Date "2012.07.12"]
[Round "3.2"]
[White "Smith, Robert W"]
[Black "Wallis, Christopher"]
[Result "1/2-1/2"]
[WhiteElo "2333"]
[BlackElo "2251"]
[PlyCount "68"]
[EventDate "2012.??.??"]

1. e4 c6 2. d4 d5 3. e5 Bf5 4. Be2 e6 5. Nf3 c5 6. O-O Nc6 7. c3 cxd4 8. cxd4
Nge7 9. b3 Rc8 10. Bb2 Ng6 11. Re1 Bb4 12. Nbd2 Nf4 13. a3 Nxe2+ 14. Qxe2 Be7
15. Rac1 O-O 16. b4 Qd7 17. h3 b6 18. Nb3 a5 19. b5 Na7 20. a4 Rc4 21. Rxc4
dxc4 22. Nbd2 Bd3 23. Qe3 Rc8 24. Rc1 Qd5 25. Ne1 Bg6 26. Qf3 Qxf3 27. Nexf3 c3
28. Rxc3 Rxc3 29. Bxc3 Bc2 30. Nc4 Nc8 31. Nb2 Ba3 32. Nc4 Be7 33. Nb2 Ba3 34.
Nc4 Be7 1/2-1/2

[Event "North Island Championship"]
[Site "Auckland Chess Centre"]
[Date "2012.07.12"]
[Round "3.3"]
[White "Dordevic, Ivan"]
[Black "Browne, Jeremy A"]
[Result "1-0"]
[WhiteElo "2149"]
[BlackElo "2129"]
[PlyCount "77"]
[EventDate "2012.??.??"]

1. e4 e6 2. d4 d5 3. Nc3 Bb4 4. e5 c5 5. a3 Bxc3+ 6. bxc3 Qc7 7. Nf3 Ne7 8. a4
Bd7 9. Bd3 Qa5 10. Qd2 c4 11. Be2 h6 12. O-O Bxa4 13. Ba3 b5 14. h4 Nbc6 15. h5
Kd7 16. Nh4 g5 17. Nf3 Rhg8 18. Nh2 Rg7 19. Ng4 Rh8 20. Bc5 Kc8 21. Nf6 Nf5 22.
Nxd5 Rd8 23. Nb4 Nxe5 24. f4 Qc7 25. Na6 Qc6 26. fxe5 Qxa6 27. Bg4 Qc6 28. Bxf5
Qxc5 29. Qe3 Qc7 30. Be4 f5 31. exf6 Rf7 32. Bg6 Rff8 33. Qxe6+ Kb8 34. Rxa4
Rd6 35. Qe7 Rfxf6 36. Qxc7+ Kxc7 37. Rxa7+ Kb6 38. Rfa1 b4 39. Be8 1-0

[Event "North Island Championship"]
[Site "Auckland Chess Centre"]
[Date "2012.07.12"]
[Round "3.4"]
[White "Steadman, Michael V R"]
[Black "Shierlaw, Hamish"]
[Result "1-0"]
[WhiteElo "2314"]
[BlackElo "1628"]
[PlyCount "75"]
[EventDate "2012.??.??"]

1. d4 Nf6 2. c4 e6 3. Nc3 d5 4. cxd5 exd5 5. Bg5 Be7 6. e3 h6 7. Bh4 O-O 8. Qc2
b6 9. Bd3 Bb7 10. f3 Nbd7 11. Nge2 c5 12. O-O Rc8 13. Rad1 Re8 14. Bf2 cxd4 15.
Nxd4 a6 16. Bf5 b5 17. a3 b4 18. axb4 Bxb4 19. Qb3 a5 20. Nc2 Bxc3 21. bxc3 Rb8
22. Rfe1 Ba6 23. Qa3 Bc4 24. Nd4 Ra8 25. Bg3 Qb6 26. Rb1 Qc5 27. Qa4 Nb6 28.
Qc6 Qxc6 29. Nxc6 Na4 30. Be5 Ra6 31. Bxf6 gxf6 32. Nb8 Rb6 33. Nd7 Rxb1 34.
Nxf6+ Kf8 35. Rxb1 Rxe3 36. Bc2 Nxc3 37. Rb8+ Kg7 38. Nh5# 1-0

[Event "North Island Championship"]
[Site "Auckland Chess Centre"]
[Date "2012.07.12"]
[Round "3.5"]
[White "Liu, Brian"]
[Black "Stuart, Peter W"]
[Result "1/2-1/2"]
[WhiteElo "1957"]
[BlackElo "2107"]
[PlyCount "60"]
[EventDate "2012.??.??"]

1. d4 Nf6 2. c4 e6 3. Nc3 Bb4 4. Qc2 O-O 5. a3 Bxc3+ 6. bxc3 d5 7. Bg5 h6 8.
Bh4 b6 9. cxd5 exd5 10. e3 Nbd7 11. Nf3 Bb7 12. Bd3 Qe7 13. O-O c5 14. Rfe1
Rfe8 15. Bb5 Red8 16. Bxd7 Rxd7 17. Ne5 Rd6 18. Nd3 Rc8 19. f3 Re6 20. Qd2 g5
21. Bf2 cxd4 22. exd4 Rxe1+ 23. Bxe1 Ba6 24. Ne5 Nd7 25. f4 f6 26. Ng4 Kg7 27.
fxg5 hxg5 28. h4 Qe2 29. Qxe2 Bxe2 30. Ne3 Bc4 1/2-1/2

[Event "North Island Championship"]
[Site "Auckland Chess Centre"]
[Date "2012.07.12"]
[Round "3.6"]
[White "Duneas, John"]
[Black "Zhang, William Jeiwen"]
[Result "1-0"]
[WhiteElo "2226"]
[BlackElo "1864"]
[PlyCount "113"]
[EventDate "2012.??.??"]

1. d4 e6 2. Nf3 f5 3. c4 Nf6 4. Nc3 d5 5. Bf4 c6 6. e3 Be7 7. Bd3 O-O 8. Ne5
Ne4 9. f3 Nxc3 10. bxc3 g5 11. Bg3 f4 12. Bf2 Nd7 13. Qc2 Nxe5 14. Bxh7+ Kh8
15. dxe5 Qc7 16. exf4 Rxf4 17. O-O Bf8 18. Bg6 Bg7 19. Bg3 Qxe5 20. Bxf4 gxf4
21. cxd5 Qxc3 22. dxc6 Qxc2 23. Bxc2 Bd4+ 24. Kh1 Bxa1 25. Rxa1 bxc6 26. Be4
Bb7 27. Rb1 Rd8 28. h4 Rd7 29. Kh2 Kg7 30. Kh3 Kf6 31. Rc1 Rd2 32. a4 Rd4 33.
Rb1 Rd7 34. a5 Rg7 35. Rc1 Rg3+ 36. Kh2 Rg7 37. Rc5 e5 38. h5 Rg5 39. Bg6 e4
40. Rxg5 Kxg5 41. fxe4 c5 42. Kg1 Bc8 43. Kf2 Bg4 44. e5 Bxh5 45. Bxh5 Kxh5 46.
Kf3 Kg5 47. e6 Kf6 48. Kxf4 Kxe6 49. Ke4 Kd6 50. g4 Ke6 51. g5 c4 52. Kd4 Kf5
53. Kxc4 Kxg5 54. Kb5 Kf5 55. Ka6 Ke6 56. Kxa7 Kd6 57. Kb7 1-0

[Event "North Island Championship"]
[Site "Auckland Chess Centre"]
[Date "2012.07.12"]
[Round "3.7"]
[White "Goodhue, Nathan"]
[Black "Thornton, Gino A"]
[Result "0-1"]
[WhiteElo "2118"]
[BlackElo "2211"]
[PlyCount "132"]
[EventDate "2012.??.??"]

1. f4 Nf6 2. Nf3 d6 3. e3 g6 4. b3 Bg7 5. Bb2 O-O 6. Be2 c6 7. O-O Nbd7 8. d4
b5 9. c4 Rb8 10. cxb5 cxb5 11. Na3 a6 12. Qd3 Bb7 13. Nd2 Nd5 14. Bf3 Qa5 15.
Bxd5 Bxd5 16. e4 Ba8 17. Nc2 Rfc8 18. Rfc1 Qb6 19. Kh1 h5 20. b4 Nf6 21. Ne3
Qb7 22. Rxc8+ Rxc8 23. Rc1 Rxc1+ 24. Bxc1 Nxe4 25. Nxe4 Qxe4 26. Qxe4 Bxe4 27.
d5 Bh6 28. Nd1 Bxd5 29. Nc3 Bc6 30. Kg1 Bg7 31. Ne2 Bd5 32. a3 Bc4 33. Kf2 Kf8
34. Ng3 Bd4+ 35. Ke1 Ke8 36. Kd2 Bd5 37. Ne2 Bf6 38. g3 Kd7 39. Ke3 e6 40. Nd4
Bd8 41. Kd3 Bb6 42. Be3 Bc4+ 43. Kd2 Bd5 44. Nc2 Bc7 45. Nd4 e5 46. Ne2 Ke6 47.
Nc3 Bc6 48. Nd1 f6 49. Nf2 d5 50. fxe5 fxe5 51. Nd3 d4 52. Nc5+ Kd5 53. Bg5 a5
54. Be7 axb4 55. Na6 Bd6 56. Nxb4+ Ke6 57. Nxc6 Bxe7 58. Na7 Bxa3 59. Nxb5 Bd6
60. Kd3 Kd5 61. Na7 e4+ 62. Kd2 Bb4+ 63. Kd1 e3 64. Nc8 Bc5 65. h3 d3 66. g4
e2+ 0-1

[Event "North Island Championship"]
[Site "Auckland Chess Centre"]
[Date "2012.07.12"]
[Round "3.8"]
[White "Yang, Scott"]
[Black "Milligan, Helen"]
[Result "1/2-1/2"]
[WhiteElo "2103"]
[BlackElo "2099"]
[PlyCount "59"]
[EventDate "2012.??.??"]

1. d4 Nf6 2. Nf3 g6 3. g3 Bg7 4. c4 d6 5. Bg2 O-O 6. Nc3 Nbd7 7. b3 Re8 8. O-O
e5 9. e3 c6 10. Bb2 Qe7 11. Qc2 Rb8 12. b4 Nb6 13. dxe5 dxe5 14. c5 Nc4 15. Nd2
Nxb2 16. Qxb2 Be6 17. Nde4 Nxe4 18. Nxe4 f5 19. Nc3 e4 20. Rfd1 Red8 21. Qc2
Rxd1+ 22. Rxd1 Rd8 23. Bf1 Rxd1 24. Nxd1 Qd7 25. Bc4 Kf7 26. Nb2 Bxb2 27. Bxe6+
Kxe6 28. Qxb2 Qd1+ 29. Kg2 Qf3+ 30. Kg1 {(=)} 1/2-1/2

[Event "North Island Championship"]
[Site "Auckland Chess Centre"]
[Date "2012.07.12"]
[Round "3.9"]
[White "Perry, Roger L"]
[Black "Eade, Don"]
[Result "0-1"]
[WhiteElo "2068"]
[BlackElo "1867"]
[PlyCount "68"]
[EventDate "2012.??.??"]

1. e4 c5 2. c3 d5 3. exd5 Qxd5 4. d4 Nf6 5. Nf3 Bg4 6. dxc5 Qxc5 7. Na3 e6 8.
Be3 Qc8 9. Qa4+ Nbd7 10. Ne5 Bxa3 11. Nxd7 Nxd7 12. Qxa3 a6 13. Qb4 Bf5 14. g4
Bg6 15. Bg2 Ne5 16. O-O Nc6 17. Qc5 Qc7 18. Bf4 Qxf4 19. Bxc6+ bxc6 20. Qxc6+
Ke7 21. f3 Rhc8 22. Qb7+ Kf6 23. Rf2 Bd3 24. Rd1 Rab8 25. Qa7 Bb5 26. Rd4 Qc7
27. Qxc7 Rxc7 28. a4 Bc6 29. Rc4 Rbc8 30. a5 Bd5 31. Rb4 Rc5 32. Ra4 Rb5 33.
Kg2 Rcc5 34. Rf4+ Ke7 0-1

[Event "North Island Championship"]
[Site "Auckland Chess Centre"]
[Date "2012.07.12"]
[Round "3.10"]
[White "Lim, Benji"]
[Black "Seabrook, Roy"]
[Result "0-1"]
[WhiteElo "2056"]
[BlackElo "1885"]
[PlyCount "116"]
[EventDate "2012.??.??"]

1. e4 e5 2. Nf3 Nc6 3. Bb5 a6 4. Ba4 Nf6 5. O-O b5 6. Bb3 Be7 7. Re1 O-O 8. c3
d5 9. d3 dxe4 10. dxe4 Qxd1 11. Bxd1 Bg4 12. Nbd2 Rfd8 13. Bc2 Bc5 14. h3 Bh5
15. Nb3 Bb6 16. g4 Bg6 17. Nh4 h5 18. g5 Nh7 19. Nxg6 fxg6 20. Kg2 Rf8 21. f3
h4 22. a4 Rad8 23. axb5 axb5 24. Re2 Rd7 25. Bd2 Nd8 26. Nc1 Ne6 27. Bb3 Rd6
28. Bxe6+ Rxe6 29. Nd3 Rd8 30. Nb4 Red6 31. Be1 Nxg5 32. Nd5 Rf8 33. Nxb6 Rxb6
34. Re3 Rf4 35. Ra8+ Kf7 36. Rc8 Ne6 37. Rd3 Ke7 38. Rh8 Rxe4 39. Bxh4+ Rxh4
40. Rxh4 g5 41. Rg4 Nf4+ 42. Rxf4 gxf4 43. Rd5 Ke6 44. Rd8 Rd6 45. Re8+ Kf6 46.
h4 Rd2+ 47. Kh3 Rxb2 48. Rc8 Rc2 49. Rxc7 b4 50. c4 b3 51. Kg4 Rg2+ 52. Kh5 Rg3
53. Rc6+ Kf5 54. c5 Rxf3 55. Rb6 Rc3 56. c6 b2 57. c7 Rxc7 58. Rxb2 Rc6 0-1

[Event "North Island Championship"]
[Site "Auckland Chess Centre"]
[Date "2012.07.12"]
[Round "3.11"]
[White "Qin, Joy Shu Yan"]
[Black "Roberts, Michael H"]
[Result "1/2-1/2"]
[WhiteElo "1485"]
[BlackElo "1843"]
[PlyCount "97"]
[EventDate "2012.??.??"]

1. e4 e5 2. Nf3 Nc6 3. Bb5 Nf6 4. O-O a6 5. Ba4 Nxe4 6. Re1 Nc5 7. Nxe5 Nxe5 8.
Rxe5+ Be7 9. c3 Nxa4 10. Qxa4 O-O 11. d4 Bf6 12. Re1 d5 13. Qd1 Bf5 14. Be3 Qd7
15. Nd2 Rfe8 16. Qf3 Re7 17. Bf4 c6 18. Re3 Rxe3 19. Bxe3 Bg6 20. Re1 Re8 21.
Qg3 Bd8 22. Nf3 f6 23. Bf4 Rxe1+ 24. Nxe1 Qe7 25. f3 Qe2 26. Qf2 Qxf2+ 27. Kxf2
Kf7 28. Ke3 Ke6 29. Nd3 Bxd3 30. Kxd3 Be7 31. g4 g6 32. h3 h5 33. Bg3 f5 34.
Ke3 hxg4 35. fxg4 fxg4 36. hxg4 Bg5+ 37. Bf4 Kf6 38. Kf3 Bxf4 39. Kxf4 g5+ 40.
Ke3 Ke6 41. Kd3 Kd6 42. c4 b6 43. b4 c5 44. bxc5+ bxc5 45. dxc5+ Kxc5 46. cxd5
Kxd5 47. a3 a5 48. a4 Kc5 49. Kc3 1/2-1/2

[Event "North Island Championship"]
[Site "Auckland Chess Centre"]
[Date "2012.07.12"]
[Round "3.12"]
[White "Dolejs, Dan"]
[Black "Timergazi, Layla"]
[Result "1/2-1/2"]
[WhiteElo "1822"]
[BlackElo "1755"]
[PlyCount "79"]
[EventDate "2012.??.??"]

1. e4 c6 2. d4 d5 3. Nc3 dxe4 4. Nxe4 Bf5 5. Ng3 Bg6 6. Be3 Nd7 7. Nf3 Ngf6 8.
Bc4 e6 9. O-O Bd6 10. Bb3 Qc7 11. c4 Rd8 12. Re1 O-O 13. Rc1 c5 14. d5 exd5 15.
cxd5 Nb6 16. Bg5 Be7 17. Qe2 Nc8 18. Qd2 b5 19. Nd4 Nxd5 20. Nxb5 Qb7 21. Bxe7
Ndxe7 22. Qa5 Nc6 23. Qa4 Nb4 24. Rxc5 Nd3 25. Rc7 Qb6 26. Re2 a6 27. Qg4 axb5
28. Rd7 Nc5 29. Rxd8 Rxd8 30. Rc2 Bxc2 31. Bxc2 Qe6 32. Qh4 Rd2 33. Nf1 Rd6 34.
Qxh7+ Kf8 35. Qh8+ Ke7 36. Qxg7 Rd5 37. b4 Ne4 38. Bb3 Qb6 39. Ne3 Rf5 40.
Nxf5+ 1/2-1/2

[Event "North Island Championship"]
[Site "Auckland Chess Centre"]
[Date "2012.07.12"]
[Round "3.13"]
[White "Mukkattu, Philip"]
[Black "Ang, Alphaeus Wei Ern"]
[Result "0-1"]
[WhiteElo "1788"]
[BlackElo "1814"]
[PlyCount "96"]
[EventDate "2012.??.??"]

1. d4 Nf6 2. c4 g6 3. Nc3 Bg7 4. e4 d6 5. Nf3 O-O 6. Bd3 Nbd7 7. Qc2 e5 8. d5
a5 9. Bg5 h6 10. Bd2 Nc5 11. Be2 Nh7 12. h4 f5 13. h5 g5 14. exf5 Bxf5 15. Qd1
Nd3+ 16. Bxd3 Bxd3 17. b3 e4 18. Nh2 Qf6 19. Ng4 Qxc3 20. Nxh6+ Kh8 21. Rc1 Qb2
22. Ng4 Rae8 23. Be3 Bc3+ 24. Rxc3 Qxc3+ 25. Bd2 Qb2 26. Bxa5 Nf6 27. Ne3 Nxd5
28. Bd2 Nxe3 29. Bxe3 Qb1 30. Qxb1 Bxb1 31. Bxg5 Bxa2 32. h6 Kh7 33. Be3 c5 34.
g4 Bxb3 35. g5 Re6 36. Kd2 Bxc4 37. Rb1 b5 38. Ra1 Rg6 39. Ra7+ Rf7 40. Ra8 Rc7
41. Kc3 d5 42. Bf4 d4+ 43. Kd2 Rf7 44. Be5 Rxf2+ 45. Ke1 Re2+ 46. Kd1 Rxg5 47.
Rh8+ Kg6 48. Rg8+ Bxg8 0-1

[Event "North Island Championship"]
[Site "Auckland Chess Centre"]
[Date "2012.07.12"]
[Round "3.14"]
[White "Wang, Aaron"]
[Black "Lyall, Simon"]
[Result "0-1"]
[WhiteElo "853"]
[BlackElo "1880"]
[PlyCount "66"]
[EventDate "2012.??.??"]

1. Nf3 d5 2. g3 Nf6 3. Bg2 c6 4. O-O Bg4 5. d3 e6 6. Nc3 Bd6 7. Bd2 O-O 8. Nd4
Qb6 9. Nb3 Nbd7 10. Qc1 Be5 11. e4 d4 12. Na4 Qb5 13. Nbc5 Nxc5 14. Nxc5 Qxc5
15. a3 Qb6 16. Rb1 Bc7 17. c3 Be2 18. Re1 Bxd3 19. Ra1 e5 20. cxd4 exd4 21. Bb4
Rfd8 22. Qd2 Bxe4 23. Bxe4 Nxe4 24. Rxe4 c5 25. Rae1 cxb4 26. Qc2 Bd6 27. axb4
Bxb4 28. Rd1 d3 29. Qb1 Bc5 30. b3 Bxf2+ 31. Kf1 Qc6 32. Kxf2 Qxe4 33. Kg1 Qe2
0-1

[Event "North Island Championship"]
[Site "Auckland Chess Centre"]
[Date "2012.07.12"]
[Round "3.15"]
[White "Kolev, Hristo"]
[Black "Dong, Olivia"]
[Result "1-0"]
[WhiteElo "1733"]
[BlackElo "1250"]
[PlyCount "111"]
[EventDate "2012.??.??"]

1. d4 d5 2. c4 c6 3. Nc3 g6 4. Nf3 Nf6 5. Bf4 Bg7 6. h3 O-O 7. e3 Nbd7 8. Bd3
dxc4 9. Bxc4 Nb6 10. Bd3 Nbd5 11. Bh2 Nb4 12. Bb1 Nbd5 13. O-O Nxc3 14. bxc3
Qd5 15. Ne5 b5 16. Bc2 c5 17. f3 cxd4 18. exd4 Nd7 19. Be4 Qd6 20. Bxa8 Ba6 21.
Nxd7 Qxd7 22. Be4 b4 23. Re1 bxc3 24. Be5 f6 25. Bg3 f5 26. Bc2 Bxd4+ 27. Bf2
Bxf2+ 28. Kxf2 Rd8 29. Qxd7 Rxd7 30. Rad1 Rb7 31. Bb3+ Kg7 32. Rc1 Rc7 33. Re3
Bb5 34. Rexc3 Rxc3 35. Rxc3 a6 36. a4 Be8 37. Rc7 Kf6 38. Ra7 a5 39. Rxa5 Bxa4
40. Bxa4 e5 41. h4 h5 42. Ra6+ Kg7 43. Be8 Kh6 44. Rxg6+ Kh7 45. Rg5 e4 46.
Rxh5+ Kg7 47. Rxf5 exf3 48. Rxf3 Kh6 49. Ke3 Kh7 50. Ke4 Kh8 51. Ke5 Kh7 52.
Rg3 Kh6 53. Kf6 Kh7 54. Rg5 Kh8 55. Bf7 Kh7 56. Rh5# 1-0

[Event "North Island Championship"]
[Site "Auckland Chess Centre"]
[Date "2012.07.12"]
[Round "3.16"]
[White "Kolev, Stefan"]
[Black "Gong, Daniel"]
[Result "1-0"]
[WhiteElo "1626"]
[BlackElo "1570"]
[PlyCount "119"]
[EventDate "2012.??.??"]

1. d4 d5 2. c4 e6 3. Nc3 Nf6 4. Bg5 Be7 5. e3 O-O 6. Nf3 h6 7. Bh4 b6 8. cxd5
exd5 9. Be2 Bb7 10. O-O Nbd7 11. a3 Re8 12. b4 a6 13. Rc1 b5 14. Qb3 Nb6 15.
Rc2 Nc4 16. a4 c6 17. Bg3 Bd6 18. Bxd6 Qxd6 19. Ra1 Qe7 20. Ne1 Ne4 21. Nxe4
Qxe4 22. Bf3 Qe7 23. Re2 f5 24. Nd3 Kh8 25. Nc5 Qc7 26. Qd3 g6 27. g3 Qf7 28.
h4 h5 29. Rea2 Qe7 30. axb5 axb5 31. Ra7 Reb8 32. Kg2 Qf7 33. Rxb7 Qe8 34. Rxb8
Rxb8 35. Qe2 Qe7 36. Ra6 Rc8 37. Bxh5 gxh5 38. Qxh5+ Kg8 39. Qg5+ Qxg5 40. hxg5
Kg7 41. Kf3 Kg6 42. Kf4 Nd2 43. Nd7 Nc4 44. Ne5+ Nxe5 45. dxe5 d4 46. exd4 Kh5
47. d5 Rb8 48. Rxc6 Rb6 49. Rh6+ Rxh6 50. gxh6 Kxh6 51. d6 Kg7 52. d7 Kf7 53.
d8=Q Ke6 54. Qd6+ Kf7 55. Kxf5 Kg7 56. Qe6 Kh7 57. Qf6 Kg8 58. Qe7 Kh8 59. Kg6
Kg8 60. Qg7# 1-0

[Event "North Island Championship"]
[Site "Auckland Chess Centre"]
[Date "2012.07.12"]
[Round "4.1"]
[White "Li, Luke (Zuhao)"]
[Black "Dordevic, Ivan"]
[Result "1-0"]
[WhiteElo "2333"]
[BlackElo "2149"]
[PlyCount "59"]
[EventDate "2012.??.??"]

1. d4 c5 2. d5 Nf6 3. c4 e6 4. Nc3 exd5 5. cxd5 d6 6. e4 g6 7. f4 Bg7 8. Bb5+
Nfd7 9. a4 O-O 10. Nf3 Na6 11. O-O Nc7 12. Bd3 a6 13. Nd2 Rb8 14. Nc4 Bd4+ 15.
Kh1 Nf6 16. Ne2 Bg4 17. Qc2 Bxe2 18. Bxe2 h5 19. f5 Ng4 20. Bxg4 hxg4 21. Bh6
Re8 22. fxg6 fxg6 23. e5 Kh7 24. Rf6 Rg8 25. Bg5 Qe8 26. Nxd6 Qxe5 27. Rf7+ Rg7
28. Bf6 Qxd6 29. Rxg7+ Kh8 30. Qxg6 1-0

[Event "North Island Championship"]
[Site "Auckland Chess Centre"]
[Date "2012.07.12"]
[Round "4.2"]
[White "Thornton, Gino A"]
[Black "Smith, Robert W"]
[Result "1/2-1/2"]
[WhiteElo "2211"]
[BlackElo "2333"]
[PlyCount "32"]
[EventDate "2012.??.??"]

1. Nf3 Nf6 2. d4 g6 3. g3 Bg7 4. Bg2 O-O 5. O-O d6 6. c4 Nbd7 7. Nc3 e5 8. h3
c6 9. Be3 h6 10. Qd2 Kh7 11. dxe5 Nxe5 12. Nxe5 dxe5 13. Qxd8 Rxd8 14. Rad1 Be6
15. b3 Bf8 16. Na4 Rxd1 1/2-1/2

[Event "North Island Championship"]
[Site "Auckland Chess Centre"]
[Date "2012.07.12"]
[Round "4.3"]
[White "Wallis, Christopher"]
[Black "Steadman, Michael V R"]
[Result "1-0"]
[WhiteElo "2251"]
[BlackElo "2314"]
[PlyCount "51"]
[EventDate "2012.??.??"]

1. d4 e6 2. c4 f5 3. Nc3 Nf6 4. f3 Bb4 5. Bd2 O-O 6. a3 Bxc3 7. Bxc3 d6 8. e3
Qe7 9. Qd2 e5 10. O-O-O a6 11. dxe5 dxe5 12. Bb4 c5 13. Bc3 Nbd7 14. Bd3 e4 15.
Bf1 exf3 16. gxf3 Re8 17. Re1 Ne5 18. Nh3 Rd8 19. Qf2 Bd7 20. Qg3 Ng6 21. Nf4
Ba4 22. Nxg6 hxg6 23. Qxg6 Qxe3+ 24. Kb1 Qxf3 25. Rg1 Rd7 26. Qxf6 1-0

[Event "North Island Championship"]
[Site "Auckland Chess Centre"]
[Date "2012.07.12"]
[Round "4.4"]
[White "Seabrook, Roy"]
[Black "Duneas, John"]
[Result "0-1"]
[WhiteElo "1885"]
[BlackElo "2226"]
[PlyCount "98"]
[EventDate "2012.??.??"]

1. e4 d6 2. Nc3 Nf6 3. Bc4 g6 4. d4 Bg7 5. Nf3 O-O 6. O-O c6 7. h3 d5 8. Bd3
dxe4 9. Nxe4 Nbd7 10. Ng3 c5 11. Be3 Nd5 12. c3 cxd4 13. cxd4 Nxe3 14. fxe3 Qb6
15. Rf2 e5 16. Bc4 exd4 17. Nxd4 Qc7 18. Qf1 Ne5 19. Bb3 Qe7 20. Rd1 Bd7 21.
Ne4 Nc6 22. Nxc6 Bxc6 23. Nd6 Be8 24. Nxf7 Bxf7 25. Bxf7+ Rxf7 26. Rxf7 Qxf7
27. Qxf7+ Kxf7 28. Rd7+ Kg8 29. Rxb7 a5 30. b3 Rc8 31. Rb5 Rc1+ 32. Kh2 Bc3 33.
Rc5 Kf7 34. Rc7+ Kf6 35. Rxh7 Be5+ 36. g3 Rc2+ 37. Kg1 Bxg3 38. Ra7 Rxa2 39. b4
a4 40. b5 Bf2+ 41. Kf1 Bxe3 42. Ra6+ Kf5 43. b6 Rb2 44. Ra5+ Ke4 45. Ra8 Kf3
46. Rf8+ Bf4 47. Re8 Rb1+ 48. Re1 Rxe1+ 49. Kxe1 a3 0-1

[Event "North Island Championship"]
[Site "Auckland Chess Centre"]
[Date "2012.07.12"]
[Round "4.5"]
[White "Browne, Jeremy A"]
[Black "Liu, Brian"]
[Result "1-0"]
[WhiteElo "2129"]
[BlackElo "1957"]
[PlyCount "59"]
[EventDate "2012.??.??"]

1. d4 f5 2. c4 Nf6 3. Nc3 e6 4. g3 d5 5. Bg2 c6 6. Nf3 Bd6 7. O-O Nbd7 8. b3
O-O 9. Bb2 Ne4 10. Nd2 Qe8 11. f3 Nxd2 12. Qxd2 f4 13. g4 b6 14. e4 fxe3 15.
Qxe3 Bb7 16. Rae1 e5 17. Kh1 dxc4 18. bxc4 Qf7 19. Ne4 Bc7 20. Ng5 Qxc4 21.
dxe5 h6 22. e6 Bf4 23. Qe4 Qxe4 24. Nxe4 Nc5 25. Nxc5 bxc5 26. Ba3 Bd6 27. Rd1
Rad8 28. f4 Ba6 29. Rfe1 Rxf4 30. Rxd6 1-0

[Event "North Island Championship"]
[Site "Auckland Chess Centre"]
[Date "2012.07.12"]
[Round "4.6"]
[White "Stuart, Peter W"]
[Black "Tsoi, Nicole"]
[Result "1/2-1/2"]
[WhiteElo "2107"]
[BlackElo "1934"]
[PlyCount "59"]
[EventDate "2012.??.??"]

1. c4 e6 2. Nf3 f5 3. g3 Nf6 4. b3 Be7 5. Bb2 d6 6. Bg2 e5 7. d3 Nc6 8. O-O O-O
9. Nc3 Qe8 10. Nd5 Bd8 11. Qd2 Qh5 12. Qg5 Qf7 13. Nxf6+ Bxf6 14. Qd2 Qh5 15.
d4 Kh8 16. d5 Nb8 17. e3 g5 18. Ne1 Qg6 19. f4 gxf4 20. exf4 e4 21. Bxf6+ Qxf6
22. Nc2 Na6 23. Qd4 Nc5 24. Qxf6+ Rxf6 25. Rfd1 a5 26. Bf1 Bd7 27. Be2 Rg8 28.
Kf2 Rh6 29. h4 Kg7 30. Ne3 {(=)} 1/2-1/2